| 000 | 01142nam a22002657a 4500 | ||
|---|---|---|---|
| 005 | 20170124103125.0 | ||
| 010 | _aB-043650 | ||
| 020 | _c200.00 | ||
| 035 | _aB-043650 | ||
| 037 | _bCen Lib/Ret | ||
| 040 |
_aDPL _bHN |
||
| 082 |
_a370.954 _bरणजी |
||
| 100 |
_aरणजीत सिंह _9103832 |
||
| 245 |
_aपर्यटन के विविध आयाम / _cरणजीत सिंह |
||
| 246 |
_aBhartiya Shisha / _bby Ranjit Singh |
||
| 260 |
_aइलाहाबाद _bशिवम् प्रकाशन _c2000 |
||
| 270 |
_a190 बी /10, राजरूपपुर _bइलाहाबाद |
||
| 300 |
_a160पृ. _c21सेमी (सजिल्द ) |
||
| 500 | _aअनुक्रमणिका शामिल | ||
| 650 |
_aप्राथमिक एवं पूर्व प्राथमिक शिक्षा _x _z _982878 |
||
| 650 |
_aउच्च शिक्षा--भारत _v _982879 |
||
| 650 |
_aPrimary and pre-primary education _982880 |
||
| 650 |
_aHigher education--India _9103833 |
||
| 942 |
_2ddc _cHN _h370.954 _mरणजी |
||
| 999 |
_c119001 _d119001 |
||